000
00326nam a2200181Ia 4500
100
_a
Downey/Allen B
650
_a
Python
250
_a
2
942
_c
BK
366
_f
20
654
_a
python
245
_a
Think Python
260
_b
SPD
_c
2016
082
_b
DOW
300
_a
268
546
_a
ENGLISH
999
_c
28005
_d
28005